| 000 | 00496nam a2200169 a 4500 | ||
|---|---|---|---|
| 001 | 2302 | ||
| 003 | CDMR | ||
| 005 | 20130320134624.0 | ||
| 008 | 130130s1988||||||||||||||||||||||||||||d | ||
| 020 | _a8475851096 | ||
| 040 |
_aCDMR _bcat _cCDMR |
||
| 100 | 1 |
_aGaritaonandia, Carmelo _91718 |
|
| 245 | 1 | 3 |
_aLa radio en España (1923-1939) _b: de altavoz musical a arma de propaganda _cCarmelo Garitaonandia |
| 260 |
_aBilbao _bUniversidad del País Vasco |
||
| 260 |
_c1988 _bSiglo XXI |
||
| 942 |
_cMON _2udc |
||
| 999 |
_c2302 _d2302 |
||